1119 1874 1915 1498 1554 1178 1789 1775 1541 1793 1564 1738 1747 1556 1994 1509 1334 1325 1912 1458 1240 1275 1245 1324 1100 1135 1910 1298 1150 1604 1765 1257 1496 1348 1406 1873 1442 1675 1197 1474 1116 1963 1483 1682 1115 1778 1399 1979 1618 1302 1132 1671 1321 1262 1345 1817 1346 1487 1040 1463 1455 1036 1276 1749 1341 1918 1224 1048 1934 1064 1048 1741 1661 1223 1397 1858 1927 1706 1909 1096 1504 1724 1603 1273 1084 1815 1219 1527 1783 1581 1436 1031 1332 1566 1190 1490 1676 1422 1987 BCNSPRNW ULIB Ver.6.0+V

เปลี่ยนเป็นภาษาไทย

Change to English
 แสดงรายละเอียดบรรณานุกรม
  กลับหน้าหลัก

Brief Record : Get Marc (ISO 2709) : E-mail record : QR code < ปิดหน้าต่าง
LEADER : 00000nam 2200000uu 4500
001    13399113575
003     ULIB
008    020711s2551 th a 000 0 tha d
020    ^a9789741373604
090    นว.P111ห 2551
100    ^aPink devil
245    ^aหนุ่มแสบสาววุ่น ชุลมุนโรงเรียนปีศาจ 3/^cPink devil
250    ^aพิมพ์ครั้งที่ 1
260    ^aกรุงเทพฯ :^bZ-Girl Fantasy,^c2551
300    ^a472 หน้า
945    ^p270^l0^i024500
999 ^a ทศพร
รายการนี้ยังไม่มีแท็ก
คุณยังไม่ได้ล็อกอิน คุณสามารถมีกิจกรรมร่วมกับเว็บไซต์ได้ แต่ต้องล็อกอินก่อน ::
  ล็อกอิน

รายการสื่อสารสนเทศ

ลำดับที่ ประเภท เลขเรียก/บาร์โค้ด สถานที่ สถานะ
1. นวนิยาย
นวนิยาย
นว.P111ห 2551 ฉ.1 
  Barcode: 024500
ห้องสมุดวิทยาเขตสวรรค์ประชารักษ์
►นวนิยาย
บนชั้น
  ขอยืม

BibComment


ยังไม่เคยถูกคอมเมนท์

คอมเมนท์ทรัพยากรรายการนี้
  คอมเมนท์: หนุ่มแสบสาววุ่น ..


 Copyright 2026. Bcnsprnw @Library